[Event "Santos Paulista-ch"]
[Site "Santos"]
[Date "2011.12.03"]
[Round "4"]
[White "Cubas, Jose Fernando"]
[Black "Devescovi Parreira, Pedro Paulo"]
[Result "1-0"]
[WhiteElo "2536"]
[BlackElo "1951"]
[PlyCount "73"]
[EventDate "2011.12.02"]
[EventType "swiss"]
[EventRounds "6"]
[EventCountry "BRA"]
[SourceTitle "CBM 146 Extra"]
[Source "ChessBase"]
[SourceDate "2012.02.29"]
[SourceVersion "1"]
[SourceVersionDate "2012.02.29"]
[SourceQuality "1"]

1. e4 c5 2. Nf3 Nc6 3. d4 cxd4 4. Nxd4 Nf6 5. Nc3 e5 6. Ndb5 d6 7. Bg5 a6 8.
Bxf6 gxf6 9. Na3 b5 10. Nd5 f5 11. c3 Bg7 12. exf5 Bxf5 13. Nc2 O-O 14. Nce3
Be6 15. g3 f5 16. Bg2 Ra7 17. f4 e4 18. O-O a5 19. g4 Ne7 20. Nxe7+ Rxe7 21.
gxf5 Qb6 22. fxe6 Qxe3+ 23. Kh1 Qc5 24. Bxe4 Kh8 25. f5 Rf6 26. Qd5 Qxd5 27.
Bxd5 Rh6 28. a4 Be5 29. Rf2 bxa4 30. Rxa4 Ra7 31. Rxa5 Rxa5 32. e7 Ra1+ 33. Kg2
Rxh2+ 34. Kf3 Rxf2+ 35. Kxf2 Bg3+ 36. Kxg3 Re1 37. Be6 1-0

[Event "Santos Paulista-ch"]
[Site "Santos"]
[Date "2011.12.04"]
[Round "5"]
[White "Cubas, Jose Fernando"]
[Black "Mekhitarian, Krikor Sevag"]
[Result "1/2-1/2"]
[WhiteElo "2536"]
[BlackElo "2487"]
[PlyCount "167"]
[EventDate "2011.12.02"]
[EventType "swiss"]
[EventRounds "6"]
[EventCountry "BRA"]
[SourceTitle "CBM 146 Extra"]
[Source "ChessBase"]
[SourceDate "2012.02.29"]
[SourceVersion "1"]
[SourceVersionDate "2012.02.29"]
[SourceQuality "1"]

1. e4 c5 2. Nc3 Nc6 3. g3 g6 4. Bg2 Bg7 5. d3 d6 6. f4 e5 7. Nf3 Nge7 8. O-O
O-O 9. Be3 Nd4 10. Qd2 Bg4 11. Nh4 Qd7 12. Nd1 Be6 13. fxe5 Bxe5 14. c3 Nb5 15.
d4 cxd4 16. cxd4 Bg7 17. a4 Nc7 18. d5 Bh3 19. Bxh3 Qxh3 20. Rc1 Qd7 21. Bd4
Bxd4+ 22. Qxd4 f5 23. exf5 Nxf5 24. Nxf5 Rxf5 25. Rxf5 gxf5 26. Ne3 Ne8 27. Rf1
Ng7 28. Nxf5 Nxf5 29. Qg4+ Qg7 30. Qxf5 Re8 31. Rf4 Kh8 32. Qf7 Qxf7 33. Rxf7
Re5 34. Rxb7 Rxd5 35. Rxa7 Rd1+ 36. Kf2 Rd2+ 37. Kf3 Rxb2 38. h4 Rb4 39. a5 Ra4
40. a6 d5 41. g4 h6 42. g5 hxg5 43. hxg5 Kg8 44. g6 Ra3+ 45. Kf4 d4 46. Ke5
Re3+ 47. Kxd4 Re6 48. g7 Rg6 49. Kc5 Re6 50. Kb5 Re5+ 51. Kc6 Re6+ 52. Kd7 Rf6
53. Kc8 Re6 54. Kb8 Re8+ 55. Kb7 Re7+ 56. Kb6 Re6+ 57. Kc5 Kh7 58. Kb5 Re5+ 59.
Kc6 Re6+ 60. Kd7 Rg6 61. Ke8 Kg8 62. Ra8 Kxg7 63. Ke7 Rc6 64. Ra7 Kg8 65. Kd7
Rf6 66. Ra8+ Kg7 67. Ke7 Rf7+ 68. Kd6 Rf6+ 69. Ke5 Rb6 70. Ra7+ Kg8 71. Kd5 Rf6
72. Ra8+ Kg7 73. Kc5 Re6 74. Ra7+ Kg8 75. Kb5 Re5+ 76. Kc6 Re6+ 77. Kd7 Rf6 78.
Ra8+ Kg7 79. Kc8 Rf8+ 80. Kb7 Rf7+ 81. Kb6 Rf6+ 82. Ka7 Rf7+ 83. Kb6 Rf6+ 84.
Ka7 1/2-1/2

[Event "Santos Paulista-ch"]
[Site "Santos"]
[Date "2011.12.04"]
[Round "6"]
[White "Rodriguez Vila, Andres"]
[Black "Cubas, Jose Fernando"]
[Result "1/2-1/2"]
[WhiteElo "2481"]
[BlackElo "2536"]
[PlyCount "45"]
[EventDate "2011.12.02"]
[EventType "swiss"]
[EventRounds "6"]
[EventCountry "BRA"]
[SourceTitle "CBM 146 Extra"]
[Source "ChessBase"]
[SourceDate "2012.02.29"]
[SourceVersion "1"]
[SourceVersionDate "2012.02.29"]
[SourceQuality "1"]

1. f4 d5 2. Nf3 g6 3. g3 Bg7 4. Bg2 c6 5. Nc3 Qb6 6. e3 Nf6 7. O-O O-O 8. b3 a5
9. Bb2 Bg4 10. h3 Bxf3 11. Bxf3 a4 12. Nxa4 Rxa4 13. Bxf6 Bxf6 14. bxa4 Bxa1
15. Qxa1 Qa5 16. Qd4 Na6 17. Rb1 Nc5 18. c3 e6 19. h4 h5 20. g4 hxg4 21. Bxg4
Ne4 22. h5 gxh5 23. Bxh5 1/2-1/2

[Event "Prague op-A 11th"]
[Site "Prague"]
[Date "2012.01.16"]
[Round "4"]
[White "Cubas Pons, Juan Miguel"]
[Black "Bernadskiy, Vitaliy"]
[Result "0-1"]
[WhiteElo "2335"]
[BlackElo "2462"]
[PlyCount "88"]
[EventDate "2012.01.13"]
[EventType "swiss"]
[EventRounds "9"]
[EventCountry "CZE"]
[SourceTitle "CBM 146 Extra"]
[Source "ChessBase"]
[SourceDate "2012.02.29"]
[SourceVersion "1"]
[SourceVersionDate "2012.02.29"]
[SourceQuality "1"]

1. d4 Nf6 2. c4 g6 3. Nc3 Bg7 4. Nf3 O-O 5. g3 d6 6. Bg2 Nc6 7. O-O a6 8. b3
Rb8 9. Qc2 Bf5 10. e4 Bg4 11. Be3 Nd7 12. Qd2 e5 13. d5 Bxf3 14. Bxf3 Ne7 15.
Bg2 f5 16. f4 b5 17. fxe5 Nxe5 18. cxb5 axb5 19. Bh6 Bxh6 20. Qxh6 Qd7 21. Bh3
c6 22. dxc6 Qxc6 23. Rac1 Qb6+ 24. Kh1 b4 25. exf5 bxc3 26. f6 Qb7+ 27. Bg2
N7c6 28. Rxc3 Rf7 29. Bd5 Kh8 30. Bxf7 Nd4+ 31. Rcf3 Nf5 32. Qf4 Nxf3 33. Rxf3
Qxf7 34. g4 Nh4 35. Rf2 Qd5+ 36. Kg1 Re8 37. Qc1 Nf3+ 38. Kf1 Nd4 39. Kg1 Ne2+
40. Rxe2 Rxe2 41. Qc8+ Qg8 42. Qc7 Qf8 43. f7 Kg7 44. Qc3+ Re5 0-1

[Event "Prague op-A 11th"]
[Site "Prague"]
[Date "2012.01.18"]
[Round "7"]
[White "Mamedov, Nidjat"]
[Black "Cubas Pons, Juan Miguel"]
[Result "1-0"]
[WhiteElo "2601"]
[BlackElo "2335"]
[PlyCount "51"]
[EventDate "2012.01.13"]
[EventType "swiss"]
[EventRounds "9"]
[EventCountry "CZE"]
[SourceTitle "CBM 146 Extra"]
[Source "ChessBase"]
[SourceDate "2012.02.29"]
[SourceVersion "1"]
[SourceVersionDate "2012.02.29"]
[SourceQuality "1"]

1. e4 e6 2. d4 d5 3. Nc3 dxe4 4. Nxe4 Nd7 5. Nf3 Ngf6 6. Bg5 h6 7. Nxf6+ Nxf6
8. Be3 Nd5 9. Bd3 Nxe3 10. fxe3 Bd6 11. e4 c5 12. e5 Be7 13. Qe2 Qa5+ 14. c3
cxd4 15. Bb5+ Kf8 16. Nxd4 g6 17. O-O Kg7 18. Rf2 Rf8 19. Raf1 Qd8 20. Bd3 Bc5
21. Qe4 Kg8 22. Rf6 Qe7 23. Qh4 Kg7 24. Bxg6 fxg6 25. Rxf8 Qxf8 26. Rxf8 1-0

[Event "Prague op-A 11th"]
[Site "Prague"]
[Date "2012.01.19"]
[Round "8"]
[White "Cubas Pons, Juan Miguel"]
[Black "Neubauer, Martin"]
[Result "1-0"]
[WhiteElo "2335"]
[BlackElo "2420"]
[PlyCount "53"]
[EventDate "2012.01.13"]
[EventType "swiss"]
[EventRounds "9"]
[EventCountry "CZE"]
[SourceTitle "CBM 146 Extra"]
[Source "ChessBase"]
[SourceDate "2012.02.29"]
[SourceVersion "1"]
[SourceVersionDate "2012.02.29"]
[SourceQuality "1"]

1. d4 Nf6 2. c4 g6 3. Nc3 Bg7 4. Nf3 O-O 5. g3 d5 6. cxd5 Nxd5 7. Bg2 Nxc3 8.
bxc3 c5 9. O-O Qa5 10. Qb3 Nc6 11. Be3 Be6 12. Qxb7 Rfc8 13. Bf4 Bd5 14. Rfc1
Qd8 15. dxc5 Nd4 16. Qa6 Nxf3+ 17. Bxf3 Bxf3 18. exf3 Rxc5 19. Rab1 Bxc3 20.
Qa3 Qc8 21. Rb3 Bd4 22. Rcb1 Kg7 23. Rb7 Qe6 24. Qd3 Rd8 25. Qd2 Rf5 26. Bh6+
Kf6 27. g4 1-0

[Event "Prague op-A 11th"]
[Site "Prague"]
[Date "2012.01.20"]
[Round "9"]
[White "Puranik, Abhimanyu Sameer"]
[Black "Cubas Pons, Juan Miguel"]
[Result "1/2-1/2"]
[WhiteElo "2008"]
[BlackElo "2335"]
[PlyCount "80"]
[EventDate "2012.01.13"]
[EventType "swiss"]
[EventRounds "9"]
[EventCountry "CZE"]
[SourceTitle "CBM 146 Extra"]
[Source "ChessBase"]
[SourceDate "2012.02.29"]
[SourceVersion "1"]
[SourceVersionDate "2012.02.29"]
[SourceQuality "1"]

1. e4 e6 2. d4 d5 3. e5 c5 4. c3 Qb6 5. Nf3 Nc6 6. a3 f6 7. exf6 Nxf6 8. b4
cxd4 9. cxd4 Bd6 10. Bb2 O-O 11. Bd3 e5 12. dxe5 Ng4 13. O-O Ncxe5 14. Bxe5
Bxe5 15. Ra2 Rxf3 16. Qxf3 Bxh2+ 17. Kh1 Qh6 18. Re1 Be6 19. g3 Bxg3+ 20. Kg2
Qh2+ 21. Kf1 Bxf2 22. Rxf2 Nxf2 23. Rxe6 Nxd3 24. Qxd3 Rf8+ 25. Ke1 d4 26. Re2
Qf4 27. Nd2 Rc8 28. Nb3 Rc3 29. Qb5 h6 30. Qd5+ Kh7 31. Re8 Qg3+ 32. Kd2 Qd3+
33. Ke1 Qb1+ 34. Kf2 Qc2+ 35. Re2 Qd3 36. Re8 Qg3+ 37. Ke2 d3+ 38. Kf1 Qf4+ 39.
Ke1 Qg3+ 40. Kf1 Qh3+ 1/2-1/2

[Event "Baleares-ch"]
[Site "Can Picafort"]
[Date "2012.04.05"]
[Round "1"]
[White "Schafer, Guillermo"]
[Black "Cubas Pons, Juan Miguel"]
[Result "0-1"]
[WhiteElo "1784"]
[BlackElo "2348"]
[PlyCount "82"]
[EventDate "2012.04.05"]
[EventType "tourn"]
[EventRounds "7"]
[EventCountry "ESP"]
[SourceTitle "EXT 2014"]
[Source "ChessBase"]
[SourceDate "2013.11.20"]
[SourceVersion "1"]
[SourceVersionDate "2013.11.20"]
[SourceQuality "1"]

1. e4 e6 2. d4 d5 3. Nc3 Bb4 4. e5 c5 5. a3 Bxc3+ 6. bxc3 Ne7 7. Qg4 Kf8 8. Bd3
Qa5 9. Bd2 Qa4 10. Nf3 c4 11. Be2 Qxc2 12. h4 h5 13. Qf4 Nbc6 14. O-O Qf5 15.
Qg3 Bd7 16. Rab1 Na5 17. Rb2 Ba4 18. Re1 Qg4 19. Qh2 Bb3 20. Bc1 Nc8 21. Nd2
Qf5 22. Nxb3 Nxb3 23. Be3 Nb6 24. Bd1 Qd3 25. Bxb3 Qxc3 26. Reb1 cxb3 27. Rxb3
Qa5 28. Qf4 Rc8 29. Bd2 Qa4 30. Bb4+ Kg8 31. Rf3 Qd7 32. Bc5 Nc4 33. Bxa7 Rh6
34. Bc5 Rg6 35. Rg3 Rxg3 36. Qxg3 Nd2 37. Rb6 Qa4 38. Qc3 Qd1+ 39. Kh2 Nf1+ 40.
Kg1 Ng3+ 41. Kh2 Ne2 0-1

[Event "Baleares-ch"]
[Site "Can Picafort"]
[Date "2012.04.06"]
[Round "2"]
[White "Cubas Pons, Juan Miguel"]
[Black "Planas Gene, Juan"]
[Result "1-0"]
[WhiteElo "2348"]
[BlackElo "2156"]
[PlyCount "87"]
[EventDate "2012.04.05"]
[EventType "tourn"]
[EventRounds "7"]
[EventCountry "ESP"]
[SourceTitle "EXT 2014"]
[Source "ChessBase"]
[SourceDate "2013.11.20"]
[SourceVersion "1"]
[SourceVersionDate "2013.11.20"]
[SourceQuality "1"]

1. d4 d5 2. c4 c6 3. Nc3 Nf6 4. Nf3 e6 5. e3 Nbd7 6. Bd3 dxc4 7. Bxc4 b5 8. Bd3
a6 9. e4 c5 10. e5 cxd4 11. Nxb5 Nxe5 12. Nxe5 axb5 13. O-O Qd5 14. Qe2 Bd6 15.
Bxb5+ Bd7 16. Nxd7 Nxd7 17. Rd1 Qe5 18. Qxe5 Bxe5 19. f4 Bf6 20. a4 Ra7 21. b4
O-O 22. Bb2 Rb8 23. Rac1 Nb6 24. Bxd4 Bxd4+ 25. Rxd4 g6 26. a5 Nd5 27. Rc5 Kg7
28. Kf2 Nc7 29. Be2 Nd5 30. Rb5 Rc8 31. Bc4 Nc3 32. Rb6 Na4 33. Rbd6 Nb2 34.
Be2 Na4 35. Rd7 Rxd7 36. Rxd7 Rc2 37. Ke3 Rb2 38. Rb7 Nc3 39. Bf3 Ra2 40. Kd3
Na4 41. Kc4 Ra3 42. b5 Nb2+ 43. Kb4 Ra1 44. a6 1-0

[Event "Baleares-ch"]
[Site "Can Picafort"]
[Date "2012.04.06"]
[Round "3"]
[White "Triay Moll, Liberto"]
[Black "Cubas Pons, Juan Miguel"]
[Result "0-1"]
[WhiteElo "1898"]
[BlackElo "2348"]
[PlyCount "62"]
[EventDate "2012.04.05"]
[EventType "tourn"]
[EventRounds "7"]
[EventCountry "ESP"]
[SourceTitle "EXT 2014"]
[Source "ChessBase"]
[SourceDate "2013.11.20"]
[SourceVersion "1"]
[SourceVersionDate "2013.11.20"]
[SourceQuality "1"]

1. e4 e6 2. d3 d5 3. Nd2 Nf6 4. g3 b6 5. Bg2 Bc5 6. Ngf3 dxe4 7. dxe4 Ba6 8. c4
Qd3 9. Qe2 Qxe2+ 10. Kxe2 Nc6 11. b3 O-O-O 12. Bb2 Ng4 13. Rhf1 Nd4+ 14. Nxd4
Bxd4 15. Bxd4 Rxd4 16. h3 Rhd8 17. Rad1 Ne5 18. Nb1 Nxc4 19. Rxd4 Rxd4 20. bxc4
Bxc4+ 21. Ke3 Bxf1 22. Bxf1 c5 23. Nc3 Kb7 24. e5 a6 25. f4 b5 26. g4 Kb6 27.
f5 h5 28. fxe6 fxe6 29. gxh5 Rh4 30. Ne4 Rxh5 31. Kf4 Rf5+ 0-1

[Event "Baleares-ch"]
[Site "Can Picafort"]
[Date "2012.04.07"]
[Round "4"]
[White "Massanet Massanet, Sebastian"]
[Black "Cubas Pons, Juan Miguel"]
[Result "1/2-1/2"]
[WhiteElo "2213"]
[BlackElo "2348"]
[PlyCount "89"]
[EventDate "2012.04.05"]
[EventType "tourn"]
[EventRounds "7"]
[EventCountry "ESP"]
[SourceTitle "EXT 2014"]
[Source "ChessBase"]
[SourceDate "2013.11.20"]
[SourceVersion "1"]
[SourceVersionDate "2013.11.20"]
[SourceQuality "1"]

1. e4 e6 2. d4 d5 3. Nd2 Nf6 4. e5 Nfd7 5. Bd3 c5 6. c3 Nc6 7. Ne2 cxd4 8. cxd4
f6 9. Nf4 Nxd4 10. Qh5+ Ke7 11. Ng6+ hxg6 12. exf6+ Nxf6 13. Qxh8 Kf7 14. Qh4
e5 15. Nf3 Nxf3+ 16. gxf3 Bf5 17. Bxf5 gxf5 18. Bg5 Qa5+ 19. Kf1 Be7 20. Kg2 d4
21. Qh3 g6 22. Qh6 Bf8 23. Qh8 Nh5 24. b4 Qd5 25. Rac1 Qd6 26. Rc5 Re8 27. Rhc1
d3 28. Rc7+ Re7 29. Rc8 Rd7 30. Ra8 Nf4+ 31. Bxf4 exf4 32. Rcc8 Bg7 33. Qg8+
Kf6 34. Rf8+ Bxf8 35. Rxf8+ Ke5 36. Re8+ Kd4 37. Qh8+ Kc4 38. Rc8+ Kb5 39. Qc3
a6 40. a4+ Kxa4 41. Rc5 Qxc5 42. bxc5 Kb5 43. Qd2 Kxc5 44. Kf1 b5 45. Qc3+
1/2-1/2

[Event "Baleares-ch"]
[Site "Can Picafort"]
[Date "2012.04.07"]
[Round "5"]
[White "Cubas Pons, Juan Miguel"]
[Black "Pons Vidal, Bartomeu"]
[Result "1-0"]
[WhiteElo "2348"]
[BlackElo "2034"]
[PlyCount "101"]
[EventDate "2012.04.05"]
[EventType "tourn"]
[EventRounds "7"]
[EventCountry "ESP"]
[SourceTitle "EXT 2014"]
[Source "ChessBase"]
[SourceDate "2013.11.20"]
[SourceVersion "1"]
[SourceVersionDate "2013.11.20"]
[SourceQuality "1"]

1. e4 c6 2. d4 d5 3. Nc3 dxe4 4. Nxe4 Bf5 5. Ng3 Bg6 6. N1e2 e6 7. Nf4 Bd6 8.
Nxg6 hxg6 9. Ne4 Be7 10. g3 Nf6 11. Bg2 Nbd7 12. O-O Nxe4 13. Bxe4 Qc7 14. c4
Nf6 15. Bg2 O-O 16. Qe2 Rad8 17. Rd1 Rd7 18. b3 Rfd8 19. Bb2 c5 20. dxc5 Bxc5
21. Bf3 Bd4 22. Bxd4 Rxd4 23. Rxd4 Rxd4 24. Re1 b6 25. Qe5 Qxe5 26. Rxe5 Nd7
27. Re1 Kf8 28. Kf1 Ke7 29. Rd1 Rxd1+ 30. Bxd1 Kd6 31. Ke2 Kc5 32. Kd3 Kb4 33.
f4 a5 34. Bf3 a4 35. bxa4 Kc5 36. Kc3 e5 37. Bd5 exf4 38. gxf4 f6 39. Kd3 Kd6
40. Kc3 Kc5 41. Bf7 g5 42. Be8 Nb8 43. fxg5 fxg5 44. Bb5 g4 45. Kd3 Nc6 46.
Bxc6 Kxc6 47. Kd4 Kd6 48. a5 bxa5 49. c5+ Kc6 50. a4 g6 51. Kc4 1-0

[Event "Baleares-ch"]
[Site "Can Picafort"]
[Date "2012.04.08"]
[Round "6"]
[White "Moreno Cervera, Jose Luis"]
[Black "Cubas Pons, Juan Miguel"]
[Result "0-1"]
[WhiteElo "1852"]
[BlackElo "2348"]
[PlyCount "62"]
[EventDate "2012.04.05"]
[EventType "tourn"]
[EventRounds "7"]
[EventCountry "ESP"]
[SourceTitle "EXT 2014"]
[Source "ChessBase"]
[SourceDate "2013.11.20"]
[SourceVersion "1"]
[SourceVersionDate "2013.11.20"]
[SourceQuality "1"]

1. d4 e6 2. Bf4 b6 3. e3 Bb7 4. Nf3 f5 5. Bd3 Nf6 6. h3 Bd6 7. c3 Qe7 8. Nbd2
Nc6 9. Ne5 Bxe5 10. dxe5 Nd5 11. Qe2 O-O-O 12. h4 Rdf8 13. O-O-O Kb8 14. Rh3 g6
15. Bh2 h6 16. f4 g5 17. g4 fxg4 18. Qxg4 gxf4 19. Bxf4 Rhg8 20. Bg6 Qg7 21. h5
Nxe5 22. Bxe5 Qxe5 23. Nc4 Qf6 24. Qd4 Qe7 25. Ne5 d6 26. Ng4 Qg5 27. Rg1 Ne7
28. Bh7 Rg7 29. Qd3 Rf3 30. Rgg3 Rxg3 31. Rxg3 Nf5 0-1

[Event "Baleares-ch"]
[Site "Can Picafort"]
[Date "2012.04.09"]
[Round "7"]
[White "Cubas Pons, Juan Miguel"]
[Black "Sanchez Garcia, Julio"]
[Result "1-0"]
[WhiteElo "2348"]
[BlackElo "2093"]
[PlyCount "85"]
[EventDate "2012.04.05"]
[EventType "tourn"]
[EventRounds "7"]
[EventCountry "ESP"]
[SourceTitle "EXT 2014"]
[Source "ChessBase"]
[SourceDate "2013.11.20"]
[SourceVersion "1"]
[SourceVersionDate "2013.11.20"]
[SourceQuality "1"]

1. e4 e6 2. d4 d5 3. Nc3 Bb4 4. exd5 exd5 5. Bd3 Nf6 6. Bg5 O-O 7. Qf3 Bxc3+ 8.
bxc3 Qe8+ 9. Ne2 Ne4 10. Bf4 c6 11. O-O Nd7 12. Rfe1 f5 13. c4 Ndf6 14. cxd5
cxd5 15. Nc3 Qc6 16. Nb5 a6 17. Na3 b5 18. h3 h6 19. Bf1 b4 20. Nb1 Qxc2 21.
Re2 Qa4 22. Qe3 Qd7 23. f3 Nd6 24. Nd2 Re8 25. Qb3 Rxe2 26. Bxe2 a5 27. Be5 Nb5
28. Bxb5 Qxb5 29. Bxf6 gxf6 30. Qe3 f4 31. Qxf4 Qd3 32. Re1 Qg6 33. Qd6 Ra7 34.
Qd8+ Kh7 35. Qxc8 Rg7 36. Qg4 Qd3 37. Qf4 a4 38. Re6 b3 39. axb3 a3 40. Rxf6 a2
41. Rxh6+ Kg8 42. Qb8+ Kf7 43. Qc7+ 1-0

[Event "Osasco op"]
[Site "Osasco"]
[Date "2012.04.20"]
[Round "1"]
[White "Cubas, Jose Fernando"]
[Black "Coelho, Tatiane Cristina"]
[Result "1-0"]
[WhiteElo "2518"]
[BlackElo "1796"]
[PlyCount "69"]
[EventDate "2012.04.20"]
[EventType "swiss"]
[EventRounds "6"]
[EventCountry "BRA"]
[SourceTitle "CBM 148 Extra"]
[Source "ChessBase"]
[SourceDate "2012.06.22"]
[SourceVersion "1"]
[SourceVersionDate "2012.06.22"]
[SourceQuality "1"]

1. e4 d5 2. exd5 Nf6 3. d4 Bg4 4. Bb5+ c6 5. dxc6 Qa5+ 6. Nc3 Nxc6 7. f3 Bd7 8.
d5 Nb4 9. Bxd7+ Kxd7 10. Bg5 Rd8 11. a3 Nbxd5 12. Bxf6 Ke8 13. Bd4 Nxc3 14. Qd2
Rxd4 15. Qxd4 Nb5+ 16. Qb4 Qxb4+ 17. axb4 e6 18. c3 Bd6 19. Ne2 Ke7 20. O-O-O
Rc8 21. Kb1 Be5 22. Rd3 Rc7 23. Rhd1 b6 24. Ka2 a5 25. Kb3 axb4 26. Kxb4 Na7
27. f4 Bf6 28. Ng3 g6 29. Ne4 Bg7 30. Nd6 Bf8 31. Nb5 Kf6+ 32. Ka4 Nxb5 33.
Kxb5 Bc5 34. b4 Bf2 35. Rf1 1-0

[Event "Osasco op"]
[Site "Osasco"]
[Date "2012.04.20"]
[Round "2"]
[White "Pace, Angelo Marcio de Si"]
[Black "Cubas, Jose Fernando"]
[Result "0-1"]
[WhiteElo "2024"]
[BlackElo "2518"]
[PlyCount "66"]
[EventDate "2012.04.20"]
[EventType "swiss"]
[EventRounds "6"]
[EventCountry "BRA"]
[SourceTitle "CBM 148 Extra"]
[Source "ChessBase"]
[SourceDate "2012.06.22"]
[SourceVersion "1"]
[SourceVersionDate "2012.06.22"]
[SourceQuality "1"]

1. d4 Nf6 2. Bg5 Ne4 3. Bf4 d5 4. e3 c5 5. c3 Nc6 6. Nd2 Bf5 7. Nxe4 Bxe4 8. f3
Bg6 9. h4 f6 10. h5 Bf7 11. Bd3 e5 12. dxe5 fxe5 13. Bg3 c4 14. Bc2 Qg5 15. Kf2
Bc5 16. Qe2 d4 17. cxd4 Nxd4 18. exd4 Bxd4+ 19. Kf1 Qxg3 20. Ba4+ Ke7 21. Rh3
Qf4 22. Rd1 Rhd8 23. g3 Qf6 24. Rh4 Kf8 25. Bc2 Bxb2 26. Bxh7 Rxd1+ 27. Qxd1
Rd8 28. Qb1 Rd2 29. f4 c3 30. Nf3 Qa6+ 31. Kg1 Qb6+ 32. Kh1 Qf2 33. Nxd2 cxd2
0-1

[Event "Osasco op"]
[Site "Osasco"]
[Date "2012.04.21"]
[Round "3"]
[White "Cubas, Jose Fernando"]
[Black "Dos Santos, Haroldo Cunha Jr"]
[Result "1-0"]
[WhiteElo "2518"]
[BlackElo "2233"]
[PlyCount "75"]
[EventDate "2012.04.20"]
[EventType "swiss"]
[EventRounds "6"]
[EventCountry "BRA"]
[SourceTitle "CBM 148 Extra"]
[Source "ChessBase"]
[SourceDate "2012.06.22"]
[SourceVersion "1"]
[SourceVersionDate "2012.06.22"]
[SourceQuality "1"]

1. e4 e5 2. Nf3 Nc6 3. Bc4 Bc5 4. c3 Qe7 5. b4 Bb6 6. a4 a6 7. d3 d6 8. Nbd2
Nf6 9. O-O O-O 10. Ba2 Ba7 11. Nc4 b5 12. Ne3 Bxe3 13. Bxe3 Be6 14. Bb1 Rfb8
15. Ng5 Bg4 16. f3 Bd7 17. axb5 axb5 18. Rxa8 Rxa8 19. f4 h6 20. Nf3 Bg4 21. h3
Be6 22. f5 Ba2 23. Bxa2 Rxa2 24. Qb3 Ra4 25. g4 d5 26. exd5 e4 27. Bc5 Qe8 28.
dxe4 Ne5 29. Nd2 Qa8 30. Bd4 Nfd7 31. Qd1 f6 32. Nf3 Nc4 33. Qe1 c6 34. e5 fxe5
35. Nxe5 Ndxe5 36. Bxe5 cxd5 37. Bd4 Ra6 38. Qe7 1-0

[Event "Osasco op"]
[Site "Osasco"]
[Date "2012.04.21"]
[Round "4"]
[White "Brito, Luismar Jorge"]
[Black "Cubas, Jose Fernando"]
[Result "0-1"]
[WhiteElo "2247"]
[BlackElo "2518"]
[PlyCount "92"]
[EventDate "2012.04.20"]
[EventType "swiss"]
[EventRounds "6"]
[EventCountry "BRA"]
[SourceTitle "CBM 148 Extra"]
[Source "ChessBase"]
[SourceDate "2012.06.22"]
[SourceVersion "1"]
[SourceVersionDate "2012.06.22"]
[SourceQuality "1"]

1. Nc3 c5 2. Nf3 Nf6 3. e4 d6 4. d4 cxd4 5. Qxd4 Nc6 6. Bb5 Bd7 7. Bxc6 Bxc6 8.
Bg5 e6 9. O-O-O Be7 10. Kb1 a6 11. Rhe1 Qa5 12. Qd2 h6 13. Bxf6 Bxf6 14. Nd5
Bd8 15. Nb4 Bb5 16. a3 Be7 17. Nd4 Bd7 18. f4 Qc5 19. Nf3 a5 20. Nd3 Qc7 21. f5
e5 22. c4 b5 23. c5 f6 24. Nf4 exf4 25. cxd6 Bxd6 26. Qxd6 Qxd6 27. Rxd6 Ke7
28. Rd4 Rhd8 29. Rc1 Rac8 30. Rc3 Rxc3 31. bxc3 Bc6 32. Nd2 Rg8 33. g4 h5 34.
gxh5 Rh8 35. Nf3 Rxh5 36. h4 Rh6 37. Kc2 g6 38. fxg6 Rxg6 39. Kd1 Rg3 40. Ke2
f5 41. Ne5 Bxe4 42. a4 Ke6 43. Nd7 Rxc3 44. axb5 Rc2+ 45. Kf1 a4 46. Nf8+ Kf7
0-1

[Event "Osasco op"]
[Site "Osasco"]
[Date "2012.04.22"]
[Round "5"]
[White "Cubas, Jose Fernando"]
[Black "El Debs, Felipe de Cresce"]
[Result "1-0"]
[WhiteElo "2518"]
[BlackElo "2507"]
[PlyCount "67"]
[EventDate "2012.04.20"]
[EventType "swiss"]
[EventRounds "6"]
[EventCountry "BRA"]
[SourceTitle "CBM 148 Extra"]
[Source "ChessBase"]
[SourceDate "2012.06.22"]
[SourceVersion "1"]
[SourceVersionDate "2012.06.22"]
[SourceQuality "1"]

1. e4 c6 2. d4 d5 3. Nd2 dxe4 4. Nxe4 Bf5 5. Ng3 Bg6 6. h4 h6 7. N1e2 e6 8. Nf4
Bh7 9. Bc4 Nd7 10. Qe2 Nb6 11. Bb3 Nf6 12. Be3 a5 13. c4 Bb4+ 14. Kf1 a4 15.
Bc2 Bxc2 16. Qxc2 O-O 17. Ngh5 Bd6 18. Rh3 Nbd7 19. Rd1 Qa5 20. c5 Bc7 21. Kg1
Rad8 22. Bd2 Qb5 23. b3 a3 24. Re1 Rfe8 25. Nxg7 Kxg7 26. Rg3+ Kh8 27. Ng6+
fxg6 28. Rxg6 Re7 29. Rxe6 Rh7 30. Qf5 Ng8 31. Bxh6 Ne7 32. Qh5 Rg8 33. Rxe7
Rxg6 34. Re8+ 1-0

[Event "Osasco op"]
[Site "Osasco"]
[Date "2012.04.22"]
[Round "6"]
[White "Santiago, Yago de Moura"]
[Black "Cubas, Jose Fernando"]
[Result "1/2-1/2"]
[WhiteElo "2360"]
[BlackElo "2518"]
[PlyCount "40"]
[EventDate "2012.04.20"]
[EventType "swiss"]
[EventRounds "6"]
[EventCountry "BRA"]
[SourceTitle "CBM 148 Extra"]
[Source "ChessBase"]
[SourceDate "2012.06.22"]
[SourceVersion "1"]
[SourceVersionDate "2012.06.22"]
[SourceQuality "1"]

1. e4 e6 2. d4 d5 3. Nc3 Nf6 4. e5 Nfd7 5. f4 c5 6. Nf3 Nc6 7. Be3 a6 8. Qd2
cxd4 9. Nxd4 Bc5 10. O-O-O O-O 11. g4 Nxd4 12. Bxd4 Bxd4 13. Qxd4 f6 14. exf6
Qxf6 15. Ne2 Qxd4 16. Rxd4 Nf6 17. h3 Bd7 18. Ng3 Bc6 19. Bg2 Rae8 20. Re1 Ne4
1/2-1/2

[Event "Osasco 50 Years"]
[Site "Osasco"]
[Date "2012.04.25"]
[Round "1"]
[White "Barbosa, Evandro Amorim"]
[Black "Cubas, Jose Fernando"]
[Result "1-0"]
[WhiteElo "2399"]
[BlackElo "2518"]
[PlyCount "80"]
[EventDate "2012.04.25"]
[EventType "tourn"]
[EventRounds "10"]
[EventCountry "BRA"]
[EventCategory "9"]
[SourceTitle "CBM 148 Extra"]
[Source "ChessBase"]
[SourceDate "2012.06.22"]
[SourceVersion "1"]
[SourceVersionDate "2012.06.22"]
[SourceQuality "1"]

1. e4 e6 2. d4 d5 3. Nc3 Nf6 4. e5 Nfd7 5. f4 c5 6. Nf3 Nc6 7. Be3 a6 8. Qd2
Be7 9. Be2 b5 10. a3 Bb7 11. O-O g6 12. Nd1 cxd4 13. Nxd4 Nc5 14. Nxc6 Bxc6 15.
Qc3 d4 16. Bxd4 Rc8 17. Qe3 Na4 18. Nf2 Bb7 19. b3 Nc5 20. Rfd1 Qc7 21. c4 bxc4
22. Bxc4 O-O 23. Rac1 Qc6 24. Bf1 Qd5 25. b4 Na4 26. Ba7 Rxc1 27. Rxd5 Rxf1+
28. Kxf1 Bxd5 29. Qc1 Ra8 30. Be3 a5 31. bxa5 Bd8 32. Bd2 h5 33. Nh3 Bxa5 34.
Bxa5 Rxa5 35. Qc7 Rc5 36. Qd8+ Kg7 37. Qf6+ Kg8 38. Ng5 Rc1+ 39. Kf2 Rc2+ 40.
Ke1 Re2+ 1-0